| 000 | 00969nam0a22002531 4500 | ||
|---|---|---|---|
| 001 | rc\4415964 | ||
| 005 | 20130416153420.1 | ||
| 035 | _a(NLR Aleph) 008304890 | ||
| 090 |
_a8659533 _c8659533 |
||
| 100 | _a20130416d1964 |||y0rusy50 ca | ||
| 101 | 0 | _arus | |
| 102 | _aRU | ||
| 105 | _ay z ||||| | ||
| 200 | 1 |
_aНекоторые аспекты теплообмена в псевдоожиженном слое _fII Всесоюз. совещание по тепло- и массообмену 5-9 мая 1964 г. Минск |
|
| 210 |
_aМинск _cБ. и. _d1964 |
||
| 215 |
_a[1], 12 с. _d20 |
||
| 300 | _aОтпеч. множит. аппаратом | ||
| 300 | _aОписано по 1-й с. текста. На тит. л. только надзаголовок | ||
| 700 | 1 |
_aЗабродский _bС. С. _gСергей Степанович |
|
| 801 | 0 |
_aRU _bNLR _gpsbo |
|
| 801 | 1 |
_aRU _bELAR _2rusmarc |
|
| 852 |
_aNLR _j64-4/13326 |
||
| 942 | _cBOOK | ||
| 980 | _aNB | ||